Rabindra Bharati University
WEBOPAC (ONLINE PUBLIC ACCESS CATALOGUE)

India independent (Record no. 123404)

000 -LEADER
fixed length control field 00444nam a22001697a 4500
005 - DATE & TIME
control field 20260213115427.0
008 - FIXED-LENGTH DATA ELEMENTS--GENERAL INFORMATION
fixed length control field 260213b xxu||||| |||| 00| 0 eng d
040 ## - CATALOGING SOURCE
Original cataloging agency RBU-Library
041 ## - Language
Language English
082 ## - DDC NUMBER
Classification number 330.954
Book Number B565
100 ## - MAIN ENTRY--PERSONAL NAME
Personal name Bettelheim, Charles
245 ## - TITLE STATEMENT
Title India independent
260 ## - PUBLICATION, DISTRIBUTION, ETC. (IMPRINT)
Place of publication, distribution, etc New York :
Name of publisher, distributor, etc Monthly Review Press,
Date of publication, distribution, etc 1971
300 ## - PHYSICAL DESCRIPTION
Pages 410 p.
650 ## - Subject
Subject Political economy - India
942 ## - ADDED ENTRY ELEMENTS (KOHA)
Koha item type Departmental Books
100 ## - MAIN ENTRY--PERSONAL NAME
-- 1159
650 ## - Subject
-- 1160
Holdings
Price effective from Location (home branch) Koha date last seen Not for loan Date acquired Source of classification or shelving scheme Koha item type Barcode (Accession No.) Damaged status Lost status Withdrawn status Sublocation or collection (holding branch) Koha full call number
2026-02-13Department of Sociology2026-02-13 2026-02-13 Departmental BooksD4065   Department of Sociology330.954 B565

Customized by - AVIOR TECHNOLOGIES PVT. LTD. , Website : www.aviortechnologies.com , Email : mail@aviortechnologies.com